000 03048pam a2200241 c 4500
005 20250411083823.0
008 121005s2012 gw ||||| |||| 00||||ger
020 _a9783831322626
040 _cDE-101
245 0 0 _aWetzlar - ein Blick in die Stadtgeschichte
_cIrene Jung/Wolfgang Wiedl
250 _a1. Aufl.
260 _bWartberg Verlag GmbH & Co. KG
_c2012
_eSchlüchtern-Elm
_fBernecker Media Ware AG
300 _a101 S.
_bzahlr Ill., graph. Darst., Kt.
_c23 x 25 cm
336 _aText
_btxt
_2rdacontent
337 _aohne Hilfsmittel zu benutzen
_bn
_2rdamedia
338 _aBand
_bnc
_2rdacarrier
500 _aInhalt 004 • Geleitwort 005 • Vorwort 006 • Reichsstädtische Rechte und Privilegien 008 • Die mittelalterliche Stadtverfassung 010 • Historische Stadtansichten 012 • Zur Orientierung: Stadtpläne 014 • Im Mittelpunkt: Der Dom 016 • Das Marienstift 018 • Der Hof des Deutschen Ordens 020 • Eine hilfreiche Einrichtung: Das Hospital 022 • Zum Schutz: Die Stadtmauer 024 • Die Reichsburg Kalsmunt 026 • Eine sichere Verbindung: Die Alte Lahnbrücke 028 • Streit mit den Nachbarn 030 • Handwerksorganisationen: Die Zünfte 032 • Fremde werden zu Mitbürgern 034 • Höchste Rechtssprechung: Das Reichskammergericht 036 • Eine neue Blüte: Die Reichskammergerichtszeit 038 • Wetzlar in den französischen Revolutionskriegen 040 • Schulwesen im Wandel 042 • Von Bildung und Schule 044 • Das Ende der Reichsstadt 046 • Die Stadt in preußischer Zeit (1815 bis 1871) 048 • Gesellige Orte und Ausflugsziele 050 • Reisende und Touristen 052 • Gruß aus Wetzlar 054 • Verkehr und Energie 056 • (K)ein Bahnhof für Wetzlar 058 • Ein repräsentativer Bahnhof 060 • Rund um den Bahnbetrieb 062 • Eisen und Stahl 064 • Die optische Industrie 066 • Industrie und Gewerbe 068 • Die Eingemeindung von Niedergirmes 070 • In der Weimarer Republik 072 • Nationalsozialismus in Wetzlar 074 • Jüdisches Leben 076 • Wetzlar im Aufbruch 078 • Das verschwundene Wetzlar 080 • Kulturleben nach 1945 082 • Das bewegte Wetzlar: Sportstätten 084 • Die Stadt als Bundeswehrstandort 086 • Der Hessentag 1975 088 • Das Intermezzo Stadt Lahn 090 • Stadtteile Blasbach und Hermannstein 092 • Stadtteile Naunheim und Garbenheim 094 • Stadtteile Dutenhofen und Münchholzhausen 096 • Stadtteile Nauborn und Steindorf 098 • Frauen in acht Jahrhunderten 100 • Große Namen aus Literatur, Politik und Wirtschaft 102 • Europäische Freundschaften: Wetzlarer Partnerstädte Abbildungsnachweis: Sämtliche Fotos aus dem Historischen Archiv (Ausn.: S. 37, S. 1,5 priv.) Quellenangaben bei jeder Abbildung.
700 1 _aJung, Irene
_d1954-
_eMitwirkender
700 1 _aWiedl, Wolfgang
_d1951-
_eMitwirkender
856 4 2 _uhttps://d-nb.info/1026540100/04
856 4 2 _uhttp://deposit.dnb.de/cgi-bin/dokserv?id=4155404&prov=M&dok_var=1&dok_ext=htm
942 _2z
_cBU
999 _c2894
_d2894